Score 0/25 Timer 02:00
1 Play Today
Clue 4-Letter Word % Correct
Not fastSLOW
96.6%
Not fakeREAL
95.7%
Opposite of go STOP
94.8%
No longer living DEAD
94.7%
Dinner for a pig• SLOP •
92.7%
DisplaySHOW
92.3%
12 inchesFOOT
91.6%
Specifically designated eating time• MEAL •
91.3%
Opposite of badGOOD
91%
Money given temporarilyLOAN
90.6%
Sustenance• FOOD •
89.8%
CruelMEAN
89.6%
Peruse printREAD
89.1%
Clue 4-Letter Word % Correct
Stolen valuablesLOOT
85.9%
Like one who eats littleLEAN
84.4%
Crazy bird?LOON
83.4%
An act or featDEED
81.3%
Urge onGOAD
77.8%
Take with your handsGRAB
77.6%
Slangy stuff to eat• CHOW •
77.6%
Like a 10-foot poolDEEP
77.5%
An alumGRAD
74.7%
Drip throughSEEP
74.6%
Slangy stuff to eat• GRUB •
74.1%
Move in the right direction?STEP
73.6%

Today's Daily Dose

Quick Pick
Colorful Movies

Get the Picture
Dog Breeds II

Remove Ads.
Support Sporcle.
Get the best of Sporcle when you Go Orange. This ad-free experience offers more features, more stats, and more fun while also helping to support Sporcle. Thank you for becoming a member.

You're not logged in!

Compare scores with friends on all Sporcle quizzes.
OR
Log In

Show Comments

Extras

Top Quizzes Today


Score Distribution

Your Account Isn't Verified!

In order to create a playlist on Sporcle, you need to verify the email address you used during registration. Go to your Sporcle Settings to finish the process.

Report this User

Report this user for behavior that violates our Community Guidelines.

Details: